Cinéma par lettre - E - Statistiques

Statistiques générales
  • Ce quiz a été pris 264 fois
  • Le résultat moyen est 10 sur 20
Statistiques - réponses
Questions Réponses % Correct
Quel extraterrestre a été mis en scène par Spielberg en 1982 ? E.T
100%
Quel acteur et réalisateur américain a joué dans "Gran Torino" et "Le Bon, la Brute et le Truand" ? Clint Eastwood
82%
Quelle actrice française tient le rôle principal aux côtés de François Civil dans "L'Amour Ouf" ? Adèle Exarchopoulos
80%
Quelle actrice belge joue dans "20 ans d'écart" et "Un Homme à la hauteur" ? Virginie Efira
79%
Quel acteur et humoriste français joue dans "Case Départ" et "Le Crocodile du Botswanga" ? Fabrice Eboué
70%
Quel film de 2015 suit deux expéditions distinctes de la plus haute montagne du monde ? Everest
68%
Quel film met en scène un homme créé par son inventeur, mort avant l'achèvement de celui-ci, lui laissant alors des griffes au bout des mains ? Edward aux mains d'argent
65%
Quel acteur, révélé dans "High School Musical" ainsi que dans "17 ans encore" ? Zac Efron
64%
Quel acteur et humoriste français joue dans "Coco", "Chouchou" et "La Doublure" ? Gad Elmaleh
63%
Quel acteur est connu pour jouer le rôle de Captain America au cinéma ? Chris Evans
61%
Quelle série télévisée met en scène Emily Cooper, une directrice marketing ? Emily in Paris
55%
Quel film met en scène un "monstre-humain" dans une fête foraine durant l'Angleterre victorienne ? Elephant Man
42%
Quel film met en scène un ancien agent secret, Denzel Washington, combattant la mafia russe ? Equalizer
39%
Quel film met ne scène Jason Statham affrontant un mégalodon dans l'Océan Pacifique ? En Eaux troubles
35%
Quelle actrice espagnole tient le personnage principal de la série "Elite" ? Ester Exposito
28%
Quel film relate l'histoire d'un adolescent devenant dragonnier pour venger la mort de son oncle ? Eragon
27%
Quel charismatique acteur joue dans "Beast", "Luther" et "Double trahison" ? Idris Elba
26%
Quel film de 1956 met en scène Brigitte Bardot alors convoitée par 3 hommes ? Et Dieu créa la femme
24%
Quel acteur a obtenu un césar pour son interprétation de Serge Gaisnbourg en 2011 ? Eric Elmosnino
11%
Quel film met en scène un couple libre où la principale protagoniste part rejoindre son époux à Bangkok ? Emmanuelle
6%
Aucun quiz correspondant
Distribution des résultats
% des personnes avec chaque résultat
Percentile par nombre de réponses
Votre historique - résultats
Vous n’avez pas pris ce quiz